| 000 | 00822nam a2200265 a 4500 | ||
|---|---|---|---|
| 001 | 000049188 | ||
| 003 | DO-SdBNP | ||
| 005 | 20240412074307.0 | ||
| 007 | ta | ||
| 008 | 190726s2003 ag r 000 0 spa d | ||
| 020 | _a9872108102 | ||
| 040 |
_aDO-SdBNP _bspa _cBNPHU |
||
| 082 | 4 |
_aRD863.44 _bC117ch 2003 _222 |
|
| 100 | 1 |
_aCabral, Manuel del, _d1907-1999 _923556 |
|
| 245 | 1 | 0 |
_aChinchina busca el tiempo / _cManuel del Cabral. |
| 260 |
_aBuenos Aires, Argentina : _bAsociación Manuel del Cabral, _c2003. |
||
| 300 |
_a83 p. ; _c20 cm. |
||
| 490 | 1 | _aAutores Latinoamñericanos | |
| 590 | _aInventariado, 2019/BT | ||
| 650 | 0 |
_aCuentos dominicanos _9176 |
|
| 650 | 0 |
_aLiteratura dominicana. _967 |
|
| 830 | 0 |
_aAutores Latinoaméricanos _976505 |
|
| 910 | _aValidado. Control de calidad. MAA | ||
| 942 |
_2ddc _cLBS1 |
||
| 999 |
_c48676 _d48676 |
||